Countries by Number of Ducks - Statistics

General Stats
  • This quiz has been taken 154 times
  • The average score is 14 of 20
Answer Stats
Ducks Country % Correct
7,800,000 United States
99%
665,061,000 China
95%
21,900,000 India
88%
27,650,000 Russia
86%
8,360,000 Mexico
84%
26,200,000 France
81%
52,775,000 Indonesia
81%
51,500,000 Malaysia
76%
68,507,000 Vietnam
76%
15,222,000 Thailand
72%
7,539,000 South Korea
70%
20,128,000 Myanmar
69%
48,861,000 Bangladesh
66%
9,918,000 Philippines
66%
8,300,000 Cambodia
63%
12,070,000 Ukraine
60%
8,511,000 Taiwan
58%
6,000,000 North Korea
52%
18,500,000 Egypt
51%
4,420,000 Hungary
19%
No matching quizzes found
Score Distribution
Percent of People with Each Score
Percentile by Number Answered
Your Score History
You have not taken this quiz